[Event "Macieja Memorial"]
[Site "Warsaw POL"]
[Date "2024.07.08"]
[Round "2.36"]
[White "Mickiewicz, Piotr"]
[Black "Michalska, Aleksandra"]
[Result "1-0"]
[WhiteElo "2168"]
[BlackElo "1857"]
[EventDate "2024.07.08"]
[PlyCount "54"]

1.Nf3 Nf6 2.g3 d6 3.d4 g6 4.c4 Bg7 5.Nc3 Nbd7 6.Bg2 O-O 7.O-O c6 8.b3 Re8 9.Qc2 
Nf8 10.Bb2 Bg4 11.h3 Bd7 12.e4 e5 13.dxe5 dxe5 14.Rfd1 Qc8 15.Kh2 Be6 16.Nxe5 
Nh5 17.Nf3 f5 18.e5 Bf7 19.Ne2 Bh8 20.Rd6 Ng7 21.Rad1 Nfe6 22.h4 Nc5 23.Ng5 
Nce6 24.Nxf7 Kxf7 25.Qd2 Re7 26.Qh6 Kg8 27.Nd4 Qe8 1-0

[Event "Macieja Memorial"]
[Site "Warsaw POL"]
[Date "2024.07.08"]
[Round "2.37"]
[White "Kowalski, Witold"]
[Black "Rekuc, Patryk"]
[Result "1-0"]
[WhiteElo "1867"]
[BlackElo "2131"]
[EventDate "2024.07.08"]
[PlyCount "155"]

1.e4 c5 2.Nf3 Nc6 3.d4 cxd4 4.Nxd4 e5 5.Nb5 d6 6.N1c3 a6 7.Na3 Be6 8.Nc4 Rb8 
9.Nd5 Nf6 10.Bg5 Bxd5 11.exd5 Ne7 12.Bxf6 gxf6 13.Be2 Bh6 14.a4 b5 15.axb5 axb5 
16.Na3 b4 17.Nc4 Qc7 18.O-O Nf5 19.Qd3 Nd4 20.Bh5 O-O 21.b3 Ra8 22.Bg4 Qc5 
23.Qe4 Kh8 24.Bf5 Rxa1 25.Rxa1 Nxf5 26.Qxf5 Qxd5 27.Qxf6+ Bg7 28.Qxd6 Qe4 
29.Ne3 Rg8 30.Qd5 Qf4 31.g3 Bh6 32.Ra7 Qf6 33.Rxf7 Qg5 34.Rf5 Qe7 35.Qxe5+ Qxe5 
36.Rxe5 Rd8 37.Re4 Bf8 38.Kg2 Bc5 39.Rc4 Bf8 40.c3 bxc3 41.Rxc3 Rb8 42.h4 Bb4 
43.Rd3 Bc5 44.Nc4 Re8 45.f4 Kg7 46.Kf3 Re1 47.Kg4 Rb1 48.Ne5 Bf2 49.Rd7+ Kg8 
50.Rd2 Be1 51.Re2 Bb4 52.Kf5 Rxb3 53.g4 Bf8 54.g5 Rb5 55.h5 h6 56.g6 Bg7 57.Rd2 
Bf8 58.Rd8 Ra5 59.Ke6 Ra6+ 60.Kf5 Ra5 61.Kg4 Kg7 62.Rd7+ Kg8 63.Nf7 Ra1 64.Rd8 
Kg7 65.Nxh6 Be7 66.Nf5+ Kf6 67.Nxe7 Rg1+ 68.Kf3 Kxe7 69.Rd5 Ke6 70.Rg5 Rf1+ 
71.Ke3 Kf6 72.g7 Re1+ 73.Kd4 Rd1+ 74.Kc3 Rd8 75.g8=Q Re8 76.Qg6+ Ke7 77.Re5+ 
Kd7 78.Qxe8+ 1-0

[Event "Macieja Memorial"]
[Site "Warsaw POL"]
[Date "2024.07.08"]
[Round "2.38"]
[White "Mizzi, Jack"]
[Black "Leszczewicz, Karol"]
[Result "1-0"]
[WhiteElo "2127"]
[BlackElo "1851"]
[EventDate "2024.07.08"]
[PlyCount "85"]

1.d4 Nf6 2.c4 c5 3.d5 b5 4.cxb5 a6 5.e3 g6 6.Nf3 Bg7 7.Nc3 d6 8.a4 O-O 9.Be2 
Nbd7 10.O-O Ng4 11.e4 axb5 12.Bxb5 Ba6 13.Bd2 Bxb5 14.axb5 Qc7 15.Ra6 Nge5 
16.Nxe5 Nxe5 17.Qa4 Rxa6 18.bxa6 Ra8 19.Ra1 Nd3 20.Qc6 Qb8 21.a7 Rxa7 22.Rxa7 
Qxa7 23.Qe8+ Bf8 24.h3 Qa1+ 25.Kh2 Kg7 26.Bh6+ Kxh6 27.Qxf8+ Kg5 28.h4+ Kh5 
29.Qxf7 Qc1 30.Qf3+ Kh6 31.Qxd3 Qxb2 32.Qe3+ Kg7 33.e5 dxe5 34.Qxe5+ Kf7 
35.Qe6+ Kf8 36.Qc8+ Kf7 37.Qxc5 Qd2 38.Qe3 Qc2 39.Ne4 Qc7+ 40.d6 exd6 41.Ng5+ 
Kg8 42.Qe8+ Kg7 43.Ne6+ 1-0

[Event "Macieja Memorial"]
[Site "Warsaw POL"]
[Date "2024.07.08"]
[Round "2.39"]
[White "Koseski, Damian"]
[Black "Krzywda, Andrzej"]
[Result "0-1"]
[WhiteElo "1846"]
[BlackElo "2123"]
[EventDate "2024.07.08"]
[PlyCount "39"]

1.d4 d5 2.c4 e6 3.Nf3 Nf6 4.Nc3 a6 5.Bg5 dxc4 6.a4 Nc6 7.e3 Na5 8.Ne5 c5 9.Nxc4 
Nxc4 10.Bxc4 cxd4 11.exd4 Be7 12.O-O O-O 13.Qd3 Bd7 14.Rad1 Qa5 15.Qe3 Ng4 
16.Qf3 Qxg5 17.h3 Nf6 18.Qxb7 Rfc8 19.Bxa6 Bc6 20.f4 0-1

[Event "Macieja Memorial"]
[Site "Warsaw POL"]
[Date "2024.07.08"]
[Round "2.40"]
[White "Skurniak, Szymon"]
[Black "Hury, Tymoteusz"]
[Result "1-0"]
[WhiteElo "2107"]
[BlackElo "1846"]
[EventDate "2024.07.08"]
[PlyCount "119"]

1.e4 g6 2.d4 Bg7 3.Nc3 c6 4.h3 d5 5.Nf3 h5 6.Bg5 dxe4 7.Nxe4 Nf6 8.Bd3 Nbd7 
9.c3 Nxe4 10.Bxe4 Nf6 11.Bc2 Qb6 12.b3 Qa5 13.O-O Be6 14.Bd2 Qc7 15.Ng5 Bf5 
16.Bxf5 gxf5 17.Qf3 e6 18.Rfe1 O-O-O 19.Bf4 Qd7 20.b4 Nd5 21.b5 cxb5 22.Bh2 Nc7 
23.Rac1 Bh6 24.h4 Bxg5 25.hxg5 Rhg8 26.c4 b4 27.d5 Rxg5 28.d6 Na6 29.c5 Qc6 
30.Qxc6+ bxc6 31.Bg3 Rdg8 32.Red1 Kd7 33.Rc4 Rg4 34.Rdc1 h4 35.Bxh4 Rxg2+ 
36.Kf1 Rg1+ 37.Ke2 Rxc1 38.Rxc1 Rg4 39.Bf6 Re4+ 40.Kd3 Rf4 41.Ke3 Re4+ 42.Kd3 
Nb8 43.f3 Rf4 44.Ke3 Rxf3+ 45.Kxf3 a5 46.Rh1 Na6 47.Bd4 e5 48.Bxe5 Nxc5 49.Rh7 
Ke6 50.Bf4 Ne4 51.d7 Kxd7 52.Rxf7+ Ke6 53.Ra7 Nc3 54.Rxa5 Nd5 55.Bd2 Nc7 56.Ra7 
Nb5 57.Rb7 Nd4+ 58.Ke3 Kd5 59.Rd7+ Kc5 60.Rxd4 1-0

[Event "Macieja Memorial"]
[Site "Warsaw POL"]
[Date "2024.07.08"]
[Round "2.41"]
[White "Zareba, Piotr"]
[Black "Smal, Tobiasz"]
[Result "1/2-1/2"]
[WhiteElo "1828"]
[BlackElo "2104"]
[EventDate "2024.07.08"]
[PlyCount "161"]

1.b3 Nf6 2.Bb2 g6 3.g3 Bg7 4.Bg2 O-O 5.Nf3 d6 6.O-O e5 7.d3 Nbd7 8.Nbd2 Re8 
9.c4 Nc5 10.Rc1 Bf5 11.Nh4 Bg4 12.h3 Bd7 13.a3 a5 14.Kh2 Bc6 15.Nhf3 e4 16.dxe4 
Nfxe4 17.Bxg7 Kxg7 18.Nxe4 Bxe4 19.b4 axb4 20.axb4 Na6 21.Qb3 Qf6 22.Rc3 Re7 
23.Re3 Rae8 24.h4 h6 25.Rd1 Kg8 26.Kg1 Kg7 27.Kh2 c6 28.Qa3 d5 29.cxd5 Bxd5 
30.Rxe7 Rxe7 31.Rd2 Nc7 32.Qd3 Nb5 33.Kg1 Nd6 34.Qd4 Nc4 35.Qxf6+ Kxf6 36.Rc2 
Na3 37.Rb2 Re4 38.Ne1 Rd4 39.Bxd5 Rxd5 40.Nd3 Nc4 41.Rc2 Na3 42.Ra2 Nb5 43.Kg2 
Rd4 44.Ra8 Ke6 45.Rb8 Nd6 46.Nc5+ Kf6 47.Nd3 g5 48.hxg5+ hxg5 49.Kf3 Rc4 50.Rd8 
Ke7 51.Rb8 Rc3 52.Kg4 Rc2 53.Kf3 g4+ 54.Kxg4 Rxe2 55.Nc5 Rb2 56.Nd3 Rb3 57.Ne5 
Rxb4+ 58.Kh3 Re4 59.Nd3 b5 60.Rb6 Rc4 61.Ne5 Rc2 62.Nxc6+ Kd7 63.Nd4 Rxf2 
64.Nxb5 Nxb5 65.Rxb5 Ke7 66.Rb6 Rf6 67.Rb7+ Kf8 68.Kg4 Kg7 69.Rb5 Rd6 70.Kh4 
Rg6 71.g4 Rh6+ 72.Kg3 Rc6 73.Rd5 Rc4 74.Kh4 Rc6 75.Rg5+ Kh6 76.Rg8 Rg6 77.Ra8 
Kg7 78.Ra7 Rd6 79.Kh5 Rd5+ 80.g5 Rd1 81.Kg4 1/2-1/2

[Event "Macieja Memorial"]
[Site "Warsaw POL"]
[Date "2024.07.08"]
[Round "2.42"]
[White "Padalka, Artem"]
[Black "Charvi, A"]
[Result "1-0"]
[WhiteElo "2101"]
[BlackElo "1826"]
[EventDate "2024.07.08"]
[PlyCount "123"]

1.Nf3 Nf6 2.c4 g6 3.g3 Bg7 4.Bg2 O-O 5.O-O c6 6.d4 a5 7.Nc3 d5 8.cxd5 cxd5 
9.Ne5 Nc6 10.Nxc6 bxc6 11.Na4 Nd7 12.Be3 Nb6 13.Rc1 Nxa4 14.Qxa4 Bd7 15.Rc5 Rb8 
16.b3 Rb4 17.Qxa5 Qxa5 18.Rxa5 Bg4 19.f3 Bd7 20.Rd1 Re8 21.Ra7 Be6 22.Rc7 Rb6 
23.Bg5 f6 24.Bc1 Ra6 25.a4 Rb6 26.Rd3 Bf5 27.Rc3 Reb8 28.e4 dxe4 29.fxe4 Bg4 
30.h3 Bd1 31.Rxe7 Bxb3 32.a5 Ra6 33.Rc5 Bf7 34.Bf4 Rba8 35.Bc7 f5 36.Rd7 fxe4 
37.Bxe4 Be6 38.Rd6 Bxh3 39.Rdxc6 Rxc6 40.Rxc6 Bxd4+ 41.Kh2 Bg4 42.Rxg6+ hxg6 
43.Bxa8 Be2 44.Bb6 Bc3 45.Bb7 Kf7 46.a6 Bxa6 47.Bxa6 Kf6 48.Bd3 Be5 49.Kh3 Kg5 
50.Bd8+ Kh6 51.g4 Bf4 52.Kg2 Bc1 53.Kf3 Bd2 54.Bc7 Kg5 55.Bd8+ Kh6 56.Bb6 Kg5 
57.Be2 Bc3 58.Be3+ Kf6 59.Ke4 g5 60.Bd4+ Bxd4 61.Kxd4 Kg6 62.Ke5 1-0

[Event "Macieja Memorial"]
[Site "Warsaw POL"]
[Date "2024.07.08"]
[Round "2.43"]
[White "Ptaszynski, Szymon"]
[Black "Goraj, Barbara"]
[Result "1-0"]
[WhiteElo "1825"]
[BlackElo "2095"]
[EventDate "2024.07.08"]
[PlyCount "103"]

1.e4 c5 2.Nf3 d6 3.d4 cxd4 4.Nxd4 Nf6 5.Nc3 Nc6 6.f3 e5 7.Nb3 Be7 8.Be3 O-O 
9.Be2 a5 10.Nd5 Nxd5 11.exd5 Nb8 12.O-O Nd7 13.c4 f5 14.Nd2 Nf6 15.a3 f4 16.Bf2 
Bf5 17.b4 a4 18.Bh4 Kh8 19.Bxf6 Bxf6 20.Ne4 Be7 21.Rc1 b6 22.Bd3 Qe8 23.Nf2 Bd7 
24.Be4 Qh5 25.c5 bxc5 26.bxc5 dxc5 27.d6 Bg5 28.Bxa8 Rxa8 29.Rxc5 Bf6 30.Ne4 
Qf5 31.Nxf6 gxf6 32.Rc7 Rg8 33.Qb1 Qg5 34.Rf2 Bf5 35.Qc1 Bh3 36.Qd2 Qf5 37.Qc2 
Rd8 38.Qxf5 Bxf5 39.Rd2 Kg8 40.Kf2 Kf8 41.Ra7 Bd7 42.Rc2 Kf7 43.Rcc7 Ke6 44.Rc2 
Kxd6 45.Rd2+ Ke6 46.g3 fxg3+ 47.hxg3 Rb8 48.Raxd7 Rb3 49.g4 e4 50.R7d6+ Ke5 
51.R2d5+ Kf4 52.Rf5# 1-0

[Event "Macieja Memorial"]
[Site "Warsaw POL"]
[Date "2024.07.08"]
[Round "2.44"]
[White "Szczotka, Klara"]
[Black "Bartoszewicz, Marcin"]
[Result "1-0"]
[WhiteElo "2093"]
[BlackElo "1816"]
[EventDate "2024.07.08"]
[PlyCount "61"]

1.d4 d5 2.c4 e6 3.Nc3 Nf6 4.cxd5 exd5 5.Bg5 Be7 6.e3 O-O 7.Bd3 Nbd7 8.Qc2 h6 
9.Bh4 c5 10.Nf3 b6 11.O-O c4 12.Bf5 a6 13.Rad1 b5 14.Ne5 b4 15.Nc6 Qe8 16.Nxe7+ 
Qxe7 17.Nxd5 Qd6 18.Nxf6+ Nxf6 19.Bxc8 Rfxc8 20.e4 Qf4 21.Bxf6 Qxf6 22.f4 Qc6 
23.d5 Qb6+ 24.Kh1 c3 25.bxc3 Rxc3 26.Qd2 Rd8 27.e5 Qc5 28.d6 a5 29.Rfe1 a4 
30.f5 Rc2 31.Qd3 1-0

[Event "Macieja Memorial"]
[Site "Warsaw POL"]
[Date "2024.07.08"]
[Round "2.45"]
[White "Fudala, Dominik"]
[Black "Nesterenko, Kyrylo"]
[Result "0-1"]
[WhiteElo "1823"]
[BlackElo "2091"]
[EventDate "2024.07.08"]
[PlyCount "75"]

1.e4 d5 2.e5 c5 3.d4 Nc6 4.Nf3 Bg4 5.Bb5 e6 6.O-O a6 7.Bxc6+ bxc6 8.c3 Ne7 
9.Nbd2 Nf5 10.Qa4 Qb6 11.dxc5 Bxc5 12.Qxg4 h5 13.Qh3 Be7 14.Nd4 Nxd4 15.cxd4 
Qxd4 16.Qc3 Qb6 17.Nf3 c5 18.Bg5 Qd8 19.Bxe7 Qxe7 20.a3 Rc8 21.Qa5 Qb7 22.b4 c4 
23.Qa4+ Kf8 24.Nd4 g5 25.b5 axb5 26.Qxb5 Qa7 27.Qb4+ Kg7 28.Nf3 g4 29.Nh4 Qd4 
30.Qe1 c3 31.Rc1 Qc5 32.g3 Qxa3 33.Qe3 Qc5 34.Qg5+ Kf8 35.Ng2 Qe7 36.Qe3 Qc5 
37.Qg5 Qe7 38.Qf4 0-1

[Event "Macieja Memorial"]
[Site "Warsaw POL"]
[Date "2024.07.08"]
[Round "2.46"]
[White "Janeczko, Jakub"]
[Black "Paluszek, Jan"]
[Result "1/2-1/2"]
[WhiteElo "2084"]
[BlackElo "1807"]
[EventDate "2024.07.08"]
[PlyCount "62"]

1.e4 e6 2.d4 d5 3.Nc3 Nf6 4.e5 Nfd7 5.f4 c5 6.Nf3 Nc6 7.Be3 Be7 8.Qd2 O-O 
9.dxc5 Qa5 10.O-O-O b6 11.Bb5 Nb4 12.a3 bxc5 13.Bxd7 Bxd7 14.axb4 cxb4 15.Nb1 
Rfc8 16.Nd4 Qa2 17.f5 exf5 18.Bg5 Bc5 19.Nb3 Qxb3 20.cxb3 Be3+ 21.Nc3 Bxd2+ 
22.Kxd2 bxc3+ 23.bxc3 Rab8 24.Rb1 a5 25.Be3 a4 26.bxa4 Bxa4 27.h4 Bb3 28.h5 h6 
29.Rhf1 Bc4 30.Rxb8 Rxb8 31.Rxf5 Rb2+ 1/2-1/2

[Event "Macieja Memorial"]
[Site "Warsaw POL"]
[Date "2024.07.08"]
[Round "2.47"]
[White "Lesik, Sebastian"]
[Black "Czajkowski, Adam"]
[Result "0-1"]
[WhiteElo "1815"]
[BlackElo "2084"]
[EventDate "2024.07.08"]
[PlyCount "60"]

1.d4 Nf6 2.c4 g6 3.h4 Bg7 4.Nc3 d5 5.h5 Nxh5 6.cxd5 c6 7.e4 cxd5 8.g4 Nf6 9.e5 
Ng8 10.Bg2 e6 11.Nf3 Nc6 12.Be3 f6 13.exf6 Nxf6 14.Nd2 O-O 15.Qf3 Ne4 16.Qh3 
Nxd2 17.Qxh7+ Kf7 18.Bh6 Qf6 19.Qxg7+ Qxg7 20.Bxg7 Kxg7 21.Kxd2 Rxf2+ 22.Ne2 
Rxg2 23.Ke3 Rxg4 24.Rad1 Bd7 25.Kf3 e5 26.dxe5 Rf8+ 27.Ke3 Re4+ 28.Kd3 Rf3+ 
29.Kd2 Rf2 30.Rhe1 Bg4 0-1

[Event "Macieja Memorial"]
[Site "Warsaw POL"]
[Date "2024.07.08"]
[Round "2.48"]
[White "Terkiewicz, Bruno"]
[Black "Zajkowska, Olga"]
[Result "1-0"]
[WhiteElo "2084"]
[BlackElo "1797"]
[EventDate "2024.07.08"]
[PlyCount "60"]

1.d4 Nf6 2.c4 g6 3.Nc3 Bg7 4.e4 d6 5.h3 O-O 6.Be3 c6 7.Nf3 Qc7 8.Be2 Nbd7 9.O-O 
a6 10.Rc1 e5 11.d5 c5 12.a3 Nh5 13.Ne1 Nf4 14.Bf3 f5 15.Kh2 Nf6 16.exf5 Bxf5 
17.Bg4 Qd7 18.Bxf5 Qxf5 19.Qc2 e4 20.Qd2 g5 21.Rg1 Nd7 22.Ne2 Be5 23.Ng3 Qf6 
24.Rc2 g4 25.Qd1 gxh3 26.gxh3 Kh8 27.Ng2 Nd3 28.Qg4 Qf3 29.Qxf3 exf3 30.Ne1 
Nxb2 1-0

[Event "Macieja Memorial"]
[Site "Warsaw POL"]
[Date "2024.07.08"]
[Round "2.49"]
[White "Stefaniuk, Zbigniew"]
[Black "Fiszer, Bartosz"]
[Result "1-0"]
[WhiteElo "1803"]
[BlackElo "2080"]
[EventDate "2024.07.08"]
[PlyCount "67"]

1.Nf3 Nf6 2.c4 g6 3.Nc3 Bg7 4.d4 O-O 5.e4 d6 6.Be2 e5 7.Be3 Ng4 8.Bg5 f6 9.Bh4 
Nc6 10.d5 Ne7 11.O-O h5 12.h3 Nh6 13.b4 g5 14.Bg3 Ng6 15.c5 f5 16.exf5 Bxf5 
17.Bd3 Nf4 18.Bxf5 Nxf5 19.Ne4 Bh6 20.Bxf4 exf4 21.Nd4 Qd7 22.Ne6 Rfe8 23.cxd6 
Nxd6 24.Nf6+ Kf7 25.Nxd7 Kg8 26.Nxc7 Re7 27.Nxa8 Rxd7 28.Rc1 Bg7 29.Rc7 Rd8 
30.Rxg7+ Kxg7 31.Qd4+ Kg6 32.Re1 Nf5 33.Re6+ Kh7 34.Qf6 1-0

[Event "Macieja Memorial"]
[Site "Warsaw POL"]
[Date "2024.07.08"]
[Round "2.50"]
[White "Kryston, Aleksander"]
[Black "Sliwicki, Damian"]
[Result "1-0"]
[WhiteElo "1737"]
[BlackElo "2058"]
[EventDate "2024.07.08"]
[PlyCount "71"]

1.d4 Nf6 2.c4 e6 3.Nc3 Bb4 4.Qc2 d5 5.a3 Bxc3+ 6.Qxc3 O-O 7.Bg5 c6 8.Nf3 Ne4 
9.Bxd8 Nxc3 10.bxc3 Rxd8 11.e3 b6 12.cxd5 cxd5 13.c4 Bb7 14.cxd5 Bxd5 15.Bd3 
Nd7 16.Ke2 Rac8 17.Rac1 Bb7 18.a4 h6 19.a5 bxa5 20.Rxc8 Rxc8 21.Ra1 Nb8 22.Rxa5 
Nc6 23.Rc5 Nb4 24.Rxc8+ Bxc8 25.Ne5 f6 26.Nc4 Ba6 27.Nb2 Kf7 28.Kd2 Bxd3 
29.Nxd3 Nxd3 30.Kxd3 Ke7 31.Kc4 Kd6 32.Kb5 Kd5 33.Ka6 Ke4 34.Kxa7 Kd3 35.d5 e5 
36.d6 1-0

[Event "Macieja Memorial"]
[Site "Warsaw POL"]
[Date "2024.07.08"]
[Round "2.51"]
[White "Zebracki, Tomasz"]
[Black "Businski, Janl"]
[Result "1-0"]
[WhiteElo "2048"]
[BlackElo "1595"]
[EventDate "2024.07.08"]
[PlyCount "65"]

1.d4 Nf6 2.Bf4 e6 3.e3 b6 4.Nd2 Bb7 5.c3 d6 6.h3 Nbd7 7.Ngf3 Be7 8.Be2 h6 9.O-O 
O-O 10.Qc2 Rc8 11.a4 a5 12.Bh2 c5 13.Qb3 cxd4 14.exd4 Ne4 15.Rfe1 Nxd2 16.Nxd2 
Nf6 17.Nc4 Bd5 18.Qb5 Rb8 19.Nd2 Qc7 20.Bf3 Rfc8 21.Qd3 Qc6 22.Bxd5 Nxd5 23.Ne4 
Qe8 24.Nxd6 Bxd6 25.Bxd6 Qc6 26.Bxb8 Rxb8 27.Qf3 Qc4 28.Qe2 Qc6 29.h4 Qd6 30.g3 
Qc6 31.Rac1 b5 32.axb5 Rxb5 33.c4 1-0

[Event "Macieja Memorial"]
[Site "Warsaw POL"]
[Date "2024.07.08"]
[Round "2.52"]
[White "Lewczuk, Jakub"]
[Black "Alvarado, Carlos"]
[Result "0-1"]
[WhiteElo "1674"]
[BlackElo "2040"]
[EventDate "2024.07.08"]
[PlyCount "86"]

1.d4 b6 2.Nc3 Bb7 3.Bf4 e6 4.e4 Bb4 5.Bd3 Nf6 6.Qe2 Nc6 7.Nf3 h6 8.O-O g5 9.Bg3 
g4 10.Ne5 Nxd4 11.Qd1 h5 12.Bh4 Be7 13.Bc4 Nc6 14.Nxc6 Bxc6 15.Re1 d6 16.Qe2 
Nd7 17.Bxe7 Qxe7 18.Rad1 Ne5 19.Bb5 Bxb5 20.Nxb5 a6 21.Nd4 c5 22.Nb3 b5 23.a3 
Rd8 24.Na5 O-O 25.h3 Rd7 26.hxg4 hxg4 27.g3 Qf6 28.Kg2 Qf3+ 29.Qxf3 gxf3+ 
30.Kg1 Kg7 31.b4 c4 32.c3 Kf6 33.Re3 Rh8 34.Rd2 Kg5 35.Rd1 Kg4 36.Rd2 Rc8 
37.Ra2 Nd3 38.a4 e5 39.axb5 axb5 40.Ra1 f6 41.Rd1 Rh7 42.Rexd3 cxd3 43.Rxd3 
Rch8 0-1

[Event "Macieja Memorial"]
[Site "Warsaw POL"]
[Date "2024.07.08"]
[Round "2.53"]
[White "Chmiel, Marcin"]
[Black "Czerwinski, Maciej"]
[Result "1-0"]
[WhiteElo "2038"]
[BlackElo "1552"]
[EventDate "2024.07.08"]
[PlyCount "47"]

1.c4 c5 2.g3 g6 3.Bg2 Bg7 4.Nc3 Nc6 5.Nf3 d6 6.O-O e6 7.e3 Nge7 8.d4 cxd4 
9.exd4 O-O 10.b3 b6 11.a4 a6 12.Ba3 Qc7 13.Rc1 Bb7 14.d5 exd5 15.Nxd5 Qd8 
16.Nxe7+ Nxe7 17.Qxd6 Qxd6 18.Bxd6 Rfe8 19.Bc7 Nc8 20.Rfe1 Rxe1+ 21.Rxe1 Kf8 
22.Ne5 Bxg2 23.Nd7+ Kg8 24.Re8+ 1-0

[Event "Macieja Memorial"]
[Site "Warsaw POL"]
[Date "2024.07.08"]
[Round "2.54"]
[White "Sulek, Grzegorz"]
[Black "Starosta, Martyna"]
[Result "0-1"]
[WhiteElo "1567"]
[BlackElo "2037"]
[EventDate "2024.07.08"]
[PlyCount "36"]

1.e4 c5 2.Nf3 Nc6 3.d4 cxd4 4.Nxd4 Nf6 5.Nxc6 bxc6 6.Bd3 d5 7.exd5 cxd5 8.O-O 
e6 9.c4 Bb7 10.Bg5 Be7 11.cxd5 Qxd5 12.f3 Qxg5 13.Qa4+ Kf8 14.Kh1 h5 15.Nc3 h4 
16.Qb3 h3 17.g3 Qd2 18.Rad1 Qg2# 0-1

[Event "Macieja Memorial"]
[Site "Warsaw POL"]
[Date "2024.07.08"]
[Round "2.55"]
[White "Pires, Emanuel Joao Robarts"]
[Black "Kossakowski, Marek"]
[Result "1-0"]
[WhiteElo "2032"]
[BlackElo "1473"]
[EventDate "2024.07.08"]
[PlyCount "69"]

1.c4 g6 2.g3 Bg7 3.Bg2 Nf6 4.d4 O-O 5.Nf3 d6 6.d5 c6 7.Nc3 cxd5 8.cxd5 Na6 
9.O-O Bf5 10.Re1 Rc8 11.Nh4 Bd7 12.Be3 b6 13.Bd4 Nc7 14.e4 Nb5 15.Nxb5 Bxb5 
16.a4 Ba6 17.b4 Rc4 18.Bf1 Rxd4 19.Qxd4 Bxf1 20.Kxf1 Nd7 21.Qc4 Bxa1 22.Rxa1 
Qc8 23.Rc1 Qb7 24.Qc7 Rb8 25.Nf3 Kg7 26.Nd4 Kf6 27.f4 Nf8 28.e5+ Kg7 29.exd6 
exd6 30.Qxd6 Qd7 31.Qxb8 Qxd5 32.Qe5+ Qxe5 33.fxe5 Ne6 34.Nxe6+ fxe6 35.Rc7+ 1-0

[Event "Macieja Memorial"]
[Site "Warsaw POL"]
[Date "2024.07.08"]
[Round "3.1"]
[White "Kazakouski, Valery"]
[Black "Szustakowski, Antoni"]
[Result "1/2-1/2"]
[WhiteElo "2599"]
[BlackElo "2207"]
[EventDate "2024.07.08"]
[PlyCount "112"]

1.Nf3 d5 2.c4 e6 3.g3 dxc4 4.Bg2 a6 5.a4 c5 6.Na3 Nc6 7.Nxc4 Nf6 8.a5 Be7 9.O-O 
O-O 10.b3 Nd5 11.Bb2 Bf6 12.Qc1 Nd4 13.Nxd4 cxd4 14.e4 Nb4 15.Ba3 Be7 16.Nb6 
Rb8 17.e5 Nd3 18.Bxe7 Qxe7 19.Qc4 Nxe5 20.Qxd4 Nd7 21.Rac1 Nxb6 22.Qxb6 e5 
23.Rfe1 Bg4 24.d4 f6 25.Rc7 Qd8 26.Rxb7 Qxb6 27.Rxb6 Rbd8 28.h3 Bc8 29.Re2 g6 
30.Kh2 Kg7 31.Be4 Rxd4 32.f3 Rd1 33.Kg2 Rfd8 34.Rc6 Kh6 35.h4 Bb7 36.Rc7 Bxe4 
37.fxe4 R1d3 38.Rf2 R8d7 39.Rxd7 Rxd7 40.Rxf6 Rd2+ 41.Kh3 Rd3 42.Rb6 Kh5 43.Rb7 
h6 44.Re7 Rxb3 45.Rxe5+ g5 46.hxg5 hxg5 47.Re6 Re3 48.Rxa6 g4+ 49.Kg2 Rxe4 
50.Rb6 Ra4 51.a6 Ra3 52.Kf2 Kg5 53.Rc6 Kf5 54.Rf6+ Ke4 55.Kf1 Ra2 56.Kg1 Ke3 1/2-1/2

[Event "Macieja Memorial"]
[Site "Warsaw POL"]
[Date "2024.07.08"]
[Round "3.2"]
[White "Sriram, Jha"]
[Black "Socko, Bartosz"]
[Result "1/2-1/2"]
[WhiteElo "2191"]
[BlackElo "2552"]
[EventDate "2024.07.08"]
[PlyCount "96"]

1.Nf3 Nf6 2.g3 d5 3.Bg2 Bg4 4.O-O Nbd7 5.d4 e6 6.c4 Be7 7.h3 Bh5 8.cxd5 exd5 
9.Qb3 Qc8 10.Nc3 c6 11.Ne5 O-O 12.f4 h6 13.g4 Bg6 14.Nxg6 fxg6 15.e4 Kh7 16.e5 
Ne8 17.Qc2 c5 18.Nxd5 Bh4 19.Be3 Nc7 20.dxc5 Nxd5 21.Bxd5 Qc7 22.Be4 Kh8 
23.Bxg6 Nxe5 24.fxe5 Qxe5 25.Bf2 Rxf2 26.Rxf2 Qe3 27.Qe2 Qxc5 28.Kg2 Bxf2 
29.Qxf2 Qc6+ 30.Qf3 Qxg6 31.Rf1 Qb6 32.b3 Rd8 33.Rf2 a5 34.Qf5 Qc6+ 35.Qf3 Qb5 
36.Qf5 Qb4 37.Qf4 Qe7 38.Qf7 Qe4+ 39.Qf3 Qb4 40.Qf4 Qb6 41.Qf3 Qc7 42.Qf4 Qc6+ 
43.Qf3 Qb5 44.Qf5 Qb4 45.Qf4 Qc3 46.Qf3 Qc7 47.Qf4 Qc3 48.Qf3 Qc7 1/2-1/2

[Event "Macieja Memorial"]
[Site "Warsaw POL"]
[Date "2024.07.08"]
[Round "3.3"]
[White "Piorun, Kacper"]
[Black "Mickiewicz, Piotr"]
[Result "1-0"]
[WhiteElo "2528"]
[BlackElo "2168"]
[EventDate "2024.07.08"]
[PlyCount "44"]

1.d4 Nf6 2.Bg5 c5 3.d5 d6 4.Nc3 g6 5.e4 Bg7 6.Nf3 a6 7.a4 h6 8.Be3 Bg4 9.Be2 
Nbd7 10.h3 Bxf3 11.Bxf3 O-O 12.O-O Qa5 13.Bd2 Qc7 14.Re1 c4 15.Be2 Ne5 16.Bf1 
Rab8 17.a5 b5 18.axb6 Rxb6 19.Ra2 Rfb8 20.Qc1 h5 21.Be3 Rb4 22.Bd4 Nfd7 1-0

[Event "Macieja Memorial"]
[Site "Warsaw POL"]
[Date "2024.07.08"]
[Round "3.4"]
[White "Zawadzka, Jolanta"]
[Black "Kosakowski, Jakub"]
[Result "0-1"]
[WhiteElo "2185"]
[BlackElo "2494"]
[EventDate "2024.07.08"]
[PlyCount "102"]

1.e4 c6 2.Nf3 d5 3.d3 Bg4 4.Be2 Nd7 5.h3 Bxf3 6.Bxf3 e6 7.g3 Bd6 8.O-O Ne7 
9.Nc3 O-O 10.Bg2 b5 11.f4 b4 12.Ne2 a5 13.Be3 a4 14.Qd2 Qa5 15.e5 Bc7 16.d4 c5 
17.g4 cxd4 18.Nxd4 Rfc8 19.Rad1 Bb6 20.Qf2 a3 21.b3 Rc3 22.Rd3 Rac8 23.Rxc3 
Rxc3 24.Rd1 Nc6 25.Nxc6 Rxc6 26.Rd2 Bxe3 27.Qxe3 Rc3 28.Qd4 g6 29.Kh2 Qc5 
30.Qxc5 Nxc5 31.Kg1 h6 32.Kf2 g5 33.f5 Kf8 34.Ke2 Ke7 35.Kd1 Rg3 36.fxe6 fxe6 
37.Rf2 Nd7 38.Bf1 Nxe5 39.Rd2 Rc3 40.Rd4 Nc6 41.Rd2 Rg3 42.Bb5 Ne5 43.Bf1 Kd6 
44.Rf2 Rf3 45.Rxf3 Nxf3 46.Ke2 Nd4+ 47.Kd3 Nb5 48.Kd2 Nc3 49.Bd3 Nxa2 50.c4 
bxc3+ 51.Kc2 Nb4+ 0-1

[Event "Macieja Memorial"]
[Site "Warsaw POL"]
[Date "2024.07.08"]
[Round "3.5"]
[White "Markowski, Tomasz"]
[Black "Mizzi, Jack"]
[Result "1-0"]
[WhiteElo "2493"]
[BlackElo "2127"]
[EventDate "2024.07.08"]
[PlyCount "97"]

1.c4 e5 2.g3 d6 3.Nc3 f5 4.d4 Be7 5.Bh3 Nf6 6.Nf3 e4 7.Nh4 g6 8.Bg5 c5 9.dxc5 
dxc5 10.Qxd8+ Bxd8 11.f3 exf3 12.Nxf3 O-O 13.O-O-O Nc6 14.Nd5 Be6 15.Nxf6+ Bxf6 
16.Bxf6 Rxf6 17.b3 h6 18.Rd6 Kf7 19.Rhd1 Ke7 20.R6d2 a5 21.Bg2 a4 22.Kb2 g5 
23.Ne1 Nd4 24.e3 Nc6 25.Bxc6 bxc6 26.Nd3 axb3 27.axb3 Kd6 28.Kc3 Rff8 29.Nb2+ 
Kc7 30.Nd3 Kb6 31.Ne5 Kc7 32.Rd6 Rfe8 33.Rxc6+ Kb7 34.Rxc5 Kb6 35.Rb5+ Kc7 
36.h4 g4 37.Kb4 Ra2 38.Rc5+ Kb7 39.Rd6 Bg8 40.Rd7+ Ka8 41.Nc6 Be6 42.Rc7 Rc8 
43.Rxc8+ Bxc8 44.Ne7 Ba6 45.Ra5 Rxa5 46.Kxa5 Bb7 47.Nxf5 h5 48.Ng7 Be4 49.Kb6 1-0

[Event "Macieja Memorial"]
[Site "Warsaw POL"]
[Date "2024.07.08"]
[Round "3.6"]
[White "Mulawa, Cyprian"]
[Black "Fridman, Daniel"]
[Result "0-1"]
[WhiteElo "2178"]
[BlackElo "2474"]
[EventDate "2024.07.08"]
[PlyCount "44"]

1.Nf3 d5 2.e3 Nf6 3.c4 e6 4.Nc3 g6 5.b3 Bg7 6.Bb2 O-O 7.Rc1 c5 8.cxd5 exd5 9.d4 
Nc6 10.Be2 cxd4 11.Nxd4 Nxd4 12.exd4 Bh6 13.Ra1 Bf5 14.O-O Rc8 15.Re1 Qa5 
16.Bd3 Rxc3 17.Bxc3 Qxc3 18.Bxf5 gxf5 19.Re5 f4 20.Rc1 Qa5 21.a4 Qb6 22.Rc5 a6 0-1

[Event "Macieja Memorial"]
[Site "Warsaw POL"]
[Date "2024.07.08"]
[Round "3.7"]
[White "Peng, Li Min"]
[Black "Skurniak, Szymon"]
[Result "1-0"]
[WhiteElo "2425"]
[BlackElo "2107"]
[EventDate "2024.07.08"]
[PlyCount "65"]

1.e4 c5 2.Nc3 a6 3.g3 b5 4.Bg2 Bb7 5.Nge2 e6 6.O-O b4 7.Nd5 exd5 8.exd5 Bd6 
9.d4 cxd4 10.Nxd4 Ne7 11.Qg4 O-O 12.Bh6 Be5 13.d6 Bxg2 14.dxe7 Qxe7 15.Nf5 Qe6 
16.Bxg7 Qg6 17.Ne7+ Kxg7 18.Nxg6 hxg6 19.Kxg2 Bxb2 20.Rad1 Nc6 21.Qxd7 Ne5 
22.Qa4 Bc3 23.Rd5 Nc4 24.Rc5 Nb6 25.Qa5 Nd7 26.Rxc3 bxc3 27.Qxc3+ f6 28.Rd1 Ne5 
29.Rd6 Rac8 30.Qb3 Rc7 31.Rxa6 Rfc8 32.Qe6 Rf7 33.Qxc8 1-0

[Event "Macieja Memorial"]
[Site "Warsaw POL"]
[Date "2024.07.08"]
[Round "3.8"]
[White "Krzywda, Andrzej"]
[Black "Nasuta, Grzegorz"]
[Result "0-1"]
[WhiteElo "2123"]
[BlackElo "2420"]
[EventDate "2024.07.08"]
[PlyCount "58"]

1.e4 c5 2.Nf3 d6 3.d4 cxd4 4.Nxd4 Nf6 5.Nc3 a6 6.Be3 e6 7.a3 b5 8.g4 Bb7 9.Bg2 
Nfd7 10.Qe2 Be7 11.f4 Nc6 12.g5 Nxd4 13.Bxd4 e5 14.Be3 exf4 15.Bxf4 Bxg5 
16.Bxd6 Bh4+ 17.Bg3 Qg5 18.O-O Bxg3 19.hxg3 O-O 20.Rf5 Qxg3 21.Raf1 Ne5 22.Qh5 
g6 23.Qg5 Qxg5 24.Rxg5 f6 25.Rg3 Rac8 26.Bh3 Rc7 27.Be6+ Kg7 28.Rg2 Nc4 29.b3 
Ne3 0-1